The Third Wave (Record no. 350823)
[ view plain ]
| 000 -LEADER | |
|---|---|
| fixed length control field | 01003cam a2200349 a 4500 |
| 001 - CONTROL NUMBER | |
| control field | 767208 |
| 003 - CONTROL NUMBER IDENTIFIER | |
| control field | OSt |
| 005 - DATE AND TIME OF LATEST TRANSACTION | |
| control field | 20180116183026.0 |
| 008 - FIXED-LENGTH DATA ELEMENTS--GENERAL INFORMATION | |
| fixed length control field | 890724r19811980onc b 001 0 eng d |
| 020 ## - INTERNATIONAL STANDARD BOOK NUMBER | |
| International Standard Book Number | 0553246984 (pbk.) : |
| Terms of availability | $4.95 |
| 035 ## - SYSTEM CONTROL NUMBER | |
| System control number | (OCoLC)507548442 |
| 035 ## - SYSTEM CONTROL NUMBER | |
| System control number | (OCoLC)ocn507548442 |
| 035 ## - SYSTEM CONTROL NUMBER | |
| System control number | (CStRLIN)NYCG89-B53833 |
| 035 ## - SYSTEM CONTROL NUMBER | |
| System control number | (NNC)767208 |
| 040 ## - CATALOGING SOURCE | |
| Original cataloging agency | CSf |
| Transcribing agency | CSf |
| Modifying agency | NNC |
| 082 ## - DEWEY DECIMAL CLASSIFICATION NUMBER | |
| Classification number | 813.54 TOF 1980 |
| 090 ## - LOCALLY ASSIGNED LC-TYPE CALL NUMBER (OCLC); LOCAL CALL NUMBER (RLIN) | |
| Classification number (OCLC) (R) ; Classification number, CALL (RLIN) (NR) | HN17.5 |
| Local cutter number (OCLC) ; Book number/undivided call number, CALL (RLIN) | .T643 1981g |
| 100 1# - MAIN ENTRY--PERSONAL NAME | |
| Personal name | Toffler, Alvin. |
| 245 14 - TITLE STATEMENT | |
| Title | The Third Wave |
| Statement of responsibility, etc. | Alvin Toffler. |
| 250 ## - EDITION STATEMENT | |
| Edition statement | Bantam ed. |
| 260 ## - PUBLICATION, DISTRIBUTION, ETC. | |
| Place of publication, distribution, etc. | Toronto ; |
| -- | New York : |
| Name of publisher, distributor, etc. | Bantam Books, |
| Date of publication, distribution, etc. | 1981, c1980. |
| 300 ## - PHYSICAL DESCRIPTION | |
| Extent | xv, 537 p. ; |
| Dimensions | 18 cm. |
| 440 ## - SERIES STATEMENT/ADDED ENTRY--TITLE | |
| Title | The Third Wave |
| 500 ## - GENERAL NOTE | |
| General note | Includes index. |
| 504 ## - BIBLIOGRAPHY, ETC. NOTE | |
| Bibliography, etc. note | Bibliography: p. 487-518. |
| 534 ## - ORIGINAL VERSION NOTE | |
| Introductory phrase | NBSReprint. Originally published: |
| Publication, distribution, etc. of original | New York : Morrow, 1980. |
| 650 #0 - SUBJECT ADDED ENTRY--TOPICAL TERM | |
| Topical term or geographic name entry element | Social history |
| Chronological subdivision | 1945- |
| 650 #0 - SUBJECT ADDED ENTRY--TOPICAL TERM | |
| Topical term or geographic name entry element | Social change. |
| 650 #0 - SUBJECT ADDED ENTRY--TOPICAL TERM | |
| Topical term or geographic name entry element | Civilization, Modern |
| Chronological subdivision | 1950- |
| 942 ## - ADDED ENTRY ELEMENTS (KOHA) | |
| Source of classification or shelving scheme | |
| Koha item type | Book |
| Withdrawn status | Lost status | Source of classification or shelving scheme | Damaged status | Not for loan | Collection code | Permanent Location | Current Location | Shelving location | Date acquired | Total Checkouts | Full call number | Barcode | Date last seen | Date last checked out | Price effective from | Koha item type |
|---|---|---|---|---|---|---|---|---|---|---|---|---|---|---|---|---|
| Central Library (CL) | Central Library (CL) | Fiction | 12/14/2015 | 2 | 813.54 TOF 1980 | NBSD-2360 | 05/26/2024 | 02/14/2024 | 12/14/2015 | Book |
